000 01129nam a2200301 a 4500
005 20191224041715.0
008 140312b2001 cr d||||r|||| 00| 0 spa d
020 _a9290394536
040 _aCO-BoIAVH
_cCO-BoIAVH
041 0 _aspa
044 _acr
082 0 4 _a333.72
_bG76e
100 1 _aGrant, William E.
_eautor
245 1 0 _aEcología y manejo de recursos naturales :
_banálisis de sistemas y simulación /
_cWilliam E. Grant, Sandra L. Marín y Ellen K. Pedersen
260 _aSan José, Costa Rica :
_bIICA,
_c2001.
300 _a340 páginas :
_bgráficas y tablas ;
_c28 x 21 cm.
504 _aIncluye referencias bibliográficas.
650 2 6 _aEcología
650 2 6 _aRecursos naturales
650 2 4 _aSistemas de simulación
650 2 6 _aModelos de simulación
650 2 6 _aDinámica de poblaciones
650 2 4 _aManejo de recursos naturales
700 1 _aMarín , Sandra L.
_eautora
700 1 _aPedersen, Ellen K.
_eautora
710 2 _aInstituto Interamericano de Cooperación para la Agricultura (IICA)
942 _cLIBRO
_2ddc
999 _c3840
_d3840